Cities for the new millennium (Record no. 101613)
[ view plain ]
| 000 -LEADER | |
|---|---|
| fixed length control field | 01031cam a2200265 4500 |
| 008 - FIXED-LENGTH DATA ELEMENTS--GENERAL INFORMATION | |
| fixed length control field | 010823n2001 000 0 eng u |
| 020 ## - INTERNATIONAL STANDARD BOOK NUMBER | |
| International Standard Book Number | 0415231833 |
| 035 ## - SYSTEM CONTROL NUMBER | |
| System control number | (Sirsi) u114316 |
| 050 ## - LIBRARY OF CONGRESS CALL NUMBER | |
| Classification number | 711.552 |
| 100 ## - MAIN ENTRY--PERSONAL NAME | |
| Personal name | Echenique, M. |
| -- | Editor |
| 245 ## - TITLE STATEMENT | |
| Title | Cities for the new millennium |
| 260 ## - PUBLICATION, DISTRIBUTION, ETC. | |
| Place of publication, distribution, etc. | London |
| Name of publisher, distributor, etc. | Spon |
| Date of publication, distribution, etc. | 2001 |
| 300 ## - PHYSICAL DESCRIPTION | |
| Extent | ix,182p. |
| Other physical details | ill |
| Dimensions | 28cm. |
| 350 ## - PRICE (NR) (BK AM CF MU VM SE) [OBSOLETE] | |
| Price | 32.50 |
| 520 ## - SUMMARY, ETC. | |
| Summary, etc. | This series of papers is the outcome of the joint RIBA and University of Cambridge Department of Architecture conference "CITY 2K+" held in Salford in July 2000. The texts, by a number of leading academics and practitioners and following the model of the conference, are arranged in five sections: compaction; dispersal; regeneration; technical issues; and lessons from history. |
| 650 ## - SUBJECT ADDED ENTRY--TOPICAL TERM | |
| Topical term or geographic name entry element | CITIES |
| 650 ## - SUBJECT ADDED ENTRY--TOPICAL TERM | |
| Topical term or geographic name entry element | CITY CENTRES |
| 650 ## - SUBJECT ADDED ENTRY--TOPICAL TERM | |
| Topical term or geographic name entry element | TOWN PLANNING |
| 650 ## - SUBJECT ADDED ENTRY--TOPICAL TERM | |
| Topical term or geographic name entry element | URBAN PLANNING |
| 650 ## - SUBJECT ADDED ENTRY--TOPICAL TERM | |
| Topical term or geographic name entry element | URBAN REGENERATION |
| 650 ## - SUBJECT ADDED ENTRY--TOPICAL TERM | |
| Topical term or geographic name entry element | URBAN RENAISSANCE |
| 690 ## - LOCAL SUBJECT ADDED ENTRY--TOPICAL TERM (OCLC, RLIN) | |
| Topical term or geographic name as entry element | REGENERATION |
| 700 ## - ADDED ENTRY--PERSONAL NAME | |
| Personal name | Saint, A. |
| International Standard Serial Number | Editior |
| 942 ## - ADDED ENTRY ELEMENTS (KOHA) | |
| Suppress in OPAC | 0 |
| Withdrawn status | Lost status | Source of classification or shelving scheme | Damaged status | Not for loan | Home library | Current library | Shelving location | Date acquired | Total Checkouts | Full call number | Barcode | Date last seen | Date last checked out | Copy number | Price effective from | Koha item type |
|---|---|---|---|---|---|---|---|---|---|---|---|---|---|---|---|---|
| Dewey Decimal Classification | London | London | Books | 23/08/2001 | 16 | 711.552 ECH | 30064844 | 06/08/2019 | 26/03/2010 | 1 | 06/08/2019 | Book |